Sports Quiz

Random Sports or NFL Quiz

NFL 1,000+ Yd Receivers (2000s) Quiz Stats

 Plays Quiz Updated Jun 4, 2018

Support Sporcle.
Go Orange.
Score 0/199 Timer 09:00
0 Plays Today
Team/Year Player % Correct
CIN/2002Chad Ochocinco
97.4%
CIN/2003Chad Ochocinco
97.4%
CIN/2004Chad Ochocinco
97.4%
CIN/2005Chad Ochocinco
97.4%
CIN/2006Chad Ochocinco
97.4%
CIN/2007Chad Ochocinco
97.4%
HOU/2004Andre Johnson
96.9%
HOU/2006Andre Johnson
96.9%
HOU/2008Andre Johnson
96.9%
DET/2008Calvin Johnson
96.7%
MIN/2000Randy Moss
96.4%
MIN/2001Randy Moss
96.4%
MIN/2002Randy Moss
96.4%
MIN/2003Randy Moss
96.4%
OAK/2005Randy Moss
96.4%
NE/2007Randy Moss
96.4%
NE/2008Randy Moss
96.4%
TB/2001Keyshawn Johnson
96.2%
TB/2002Keyshawn Johnson
96.2%
CIN/2009Chad Ochocinco
95.8%
CLE/2001Kevin Johnson
95.8%
HOU/2009Andre Johnson
95.6%
NYJ/2003Santana Moss
95.6%
WAS/2005Santana Moss
95.6%
WAS/2008Santana Moss
95.6%
NE/2009Randy Moss
95.1%
IND/2002Marvin Harrison
94.8%
IND/2000Marvin Harrison
94.8%
IND/2001Marvin Harrison
94.8%
IND/2003Marvin Harrison
94.8%
IND/2004Marvin Harrison
94.8%
IND/2005Marvin Harrison
94.8%
IND/2006Marvin Harrison
94.8%
CAR/2003Steve Smith
94.7%
CAR/2005Steve Smith
94.7%
CAR/2006Steve Smith
94.7%
CAR/2008Steve Smith
94.7%
CAR/2007Steve Smith
94.7%
ARZ/2008Larry Fitzgerald
94.1%
ARZ/2005Larry Fitzgerald
94.1%
ARZ/2007Larry Fitzgerald
94.1%
DEN/2000Rod Smith
93.9%
DEN/2001Rod Smith
93.9%
DEN/2002Rod Smith
93.9%
DEN/2004Rod Smith
93.9%
DEN/2005Rod Smith
93.9%
JAX/2000Jimmy Smith
93.8%
JAX/2001Jimmy Smith
93.8%
JAX/2002Jimmy Smith
93.8%
JAX/2004Jimmy Smith
93.8%
JAX/2005Jimmy Smith
93.8%
NYG/2009Steve Smith
93.1%
IND/2004Reggie Wayne
92.5%
IND/2005Reggie Wayne
92.5%
IND/2006Reggie Wayne
92.5%
IND/2007Reggie Wayne
92.5%
IND/2008Reggie Wayne
92.5%
IND/2009Reggie Wayne
91.2%
SF/2000Terrell Owens
90.2%
SF/2001Terrell Owens
90.2%
SF/2002Terrell Owens
90.2%
SF/2003Terrell Owens
90.2%
PHI/2004Terrell Owens
90.2%
DAL/2006Terrell Owens
90.2%
DAL/2007Terrell Owens
90.2%
DAL/2008Terrell Owens
90.2%
STL/2000Torry Holt
89.1%
Team/Year Player % Correct
STL/2001Torry Holt
89.1%
STL/2002Torry Holt
89.1%
STL/2003Torry Holt
89.1%
STL/2004Torry Holt
89.1%
STL/2005Torry Holt
89.1%
STL/2006Torry Holt
89.1%
STL/2007Torry Holt
89.1%
STL/2000Isaac Bruce
82.8%
STL/2001Isaac Bruce
82.8%
STL/2002Isaac Bruce
82.8%
STL/2004Isaac Bruce
82.8%
STL/2006Isaac Bruce
82.8%
SD/2008Vincent Jackson
82.1%
PIT/2001Hines Ward
81.8%
PIT/2002Hines Ward
81.8%
PIT/2003Hines Ward
81.8%
PIT/2004Hines Ward
81.8%
PIT/2008Hines Ward
81.8%
SEA/2001Darrell Jackson
81.6%
SEA/2003Darrell Jackson
81.6%
SEA/2004Darrell Jackson
81.6%
NO/2001Willie Jackson
81.5%
ARZ/2003Anquan Boldin
81%
ARZ/2005Anquan Boldin
81%
ARZ/2006Anquan Boldin
81%
ARZ/2008Anquan Boldin
81%
PHI/2009DeSean Jackson
80.7%
SD/2009Vincent Jackson
80.7%
OAK/2001Jerry Rice
80.5%
OAK/2002Jerry Rice
80.5%
PIT/2009Hines Ward
80.3%
ARI/2009Anquan Boldin
79.5%
MIN/2009Sidney Rice
78.8%
GB/2002Donald Driver
78.5%
GB/2004Donald Driver
78.5%
GB/2005Donald Driver
78.5%
GB/2006Donald Driver
78.5%
GB/2007Donald Driver
78.5%
GB/2008Donald Driver
78.5%
NE/2007Wes Welker
78.2%
NE/2008Wes Welker
78.2%
ATL/2007Roddy White
77.8%
ATL/2008Roddy White
77.8%
NE/2009Wes Welker
77.1%
GB/2009Donald Driver
77%
ATL/2009Roddy White
76.4%
GB/2008Greg Jennings
71.7%
GB/2009Greg Jennings
70.4%
NO/2006Marques Colston
68.9%
NO/2007Marques Colston
68.9%
DEN/2007Brandon Marshall
68.1%
DEN/2008Brandon Marshall
68.1%
NO/2009Marques Colston
67.5%
DEN/2009Brandon Marshall
66.6%
PIT/2001Plaxico Burress
65.1%
PIT/2002Plaxico Burress
65.1%
NYG/2005Plaxico Burress
65.1%
NYG/2007Plaxico Burress
65.1%
DET/2006Roy Williams
62.8%
PIT/2009Santonio Holmes
62.7%
OAK/2000Tim Brown
60.4%
OAK/2001Tim Brown
60.4%
NE/2001Troy Brown
60.3%
MIN/2000Cris Carter
57.8%
TEN/2001Derrick Mason
57.2%
TEN/2002Derrick Mason
57.2%
TEN/2003Derrick Mason
57.2%
Team/Year Player % Correct
TEN/2004Derrick Mason
57.2%
BAL/2005Derrick Mason
57.2%
BAL/2007Derrick Mason
57.2%
BAL/2008Derrick Mason
57.2%
NO/2000Joe Horn
57%
NO/2001Joe Horn
57%
NO/2002Joe Horn
57%
NO/2004Joe Horn
57%
KC/2008Dwayne Bowe
55.9%
BAL/2009Derrick Mason
55.9%
DAL/2009Miles Austin
53.9%
CAR/2000Muhsin Muhammad
50.6%
CAR/2004Muhsin Muhammad
50.6%
NYG/2000Amani Toomer
49%
NYG/2001Amani Toomer
49%
NYG/2002Amani Toomer
49%
NYG/2003Amani Toomer
49%
BUF/2006Lee Evans
48.8%
BUF/2008Lee Evans
48.8%
CLE/2007Braylon Edwards
48.2%
CIN/2006T.J. Houshmandzadeh
46.9%
CIN/2007T.J. Houshmandzadeh
46.9%
CLE/2005Antonio Bryant
40.1%
TB/2008Antonio Bryant
40.1%
NYJ/2002Laveranues Coles
37.3%
WAS/2003Laveranues Coles
37.3%
NYJ/2006Laveranues Coles
37.3%
ARZ/2000David Boston
36.7%
ARZ/2001David Boston
36.7%
BUF/2000Eric Moulds
35.1%
BUF/2002Eric Moulds
35.1%
BUF/2004Eric Moulds
35.1%
GB/2004Javon Walker
34.6%
DEN/2006Javon Walker
34.6%
JAX/2000Keenan McCardell
32.6%
JAX/2001Keenan McCardell
32.6%
TB/2003Keenan McCardell
32.6%
TB/2005Joey Galloway
29.9%
TB/2006Joey Galloway
29.9%
TB/2007Joey Galloway
29.9%
ARZ/2008Steve Breaston
28.5%
MIA/2005Chris Chambers
27.1%
IND/2004Brandon Stokley
26.3%
NYJ/2007Jerricho Cotchery
23.5%
DEN/2000Ed McCaffrey
22.6%
BUF/2002Peerless Price
22.6%
DAL/2005Terry Glenn
21.7%
DAL/2006Terry Glenn
21.7%
TB/2004Michael Clayton
20.1%
CHI/2001Marty Booker
18.2%
CHI/2002Marty Booker
18.2%
MIN/2004Nate Burleson
17.6%
SEA/2002Koren Robinson
16.5%
KC/2004Eddie Kennison
16.4%
KC/2005Eddie Kennison
16.4%
PHI/2007Kevin Curtis
16.2%
TEN/2004Drew Bennett
14.5%
KC/2000Derrick Alexander
12.6%
DET/2006Mike Furrey
12.4%
SEA/2007Bobby Engram
10.2%
BAL/2001Qadry Ismail
9%
DET/2001Johnnie Morton
8.9%
DEN/2004Ashley Lelie
8.6%
WAS/2002Rod Gardner
7%
SD/2001Curtis Conway
6.7%

From the Vault

No Hint Sorting Gallery II

by armadilloking

Only a detective worthy of his or her magnifying glass will be able to solve this quiz.
Remove Ads.
Support Sporcle.
Get the best of Sporcle when you Go Orange. This ad-free experience offers more features, more stats, and more fun while also helping to support Sporcle. Thank you for becoming a member.

Show Comments

Extras

Top Quizzes Today


Score Distribution

Your Account Isn't Verified!

In order to create a playlist on Sporcle, you need to verify the email address you used during registration. Go to your Sporcle Settings to finish the process.

Report this User

Report this user for behavior that violates our Community Guidelines.

Details: